000 00417nam a22001697a 4500
005 20180517151240.0
008 160520b xxu||||| |||| 00| 0 eng d
020 _a81-219-0520-9
041 _aeng
082 _b3421
_a510.2462
100 _aDass H.K.
_9832
245 _aEngineering Mathematics
260 _aNew Delhi
_bSultan Chand & Sons.
300 _a1062
650 _aDIPLOMA ENGINEERING
_9817
942 _cBK
999 _c1172
_d1172